Departamentos atravesados por el río Magdalena (Colombia) - Estadísticas

Estadísticas generales
  • Esta prueba ha sido intentada 89 veces
  • La puntuación promedio es 9 de 12
Estadísticas de respuestas
Respuesta % Correcto
Cundinamarca
88%
Tolima
88%
Bolívar
82%
Magdalena
82%
Antioquia
81%
Atlántico (Desembocadura)
81%
Huila (Nacimiento)
79%
Santander
74%
Boyacá
69%
Caldas
68%
Cauca (Nacimiento)
57%
Cesar
57%
No se encontraron pruebas coincidentes
Distribución de puntuación
Porcentaje de gente con cada puntuación
Porcentaje por número respondido
Historial de tus puntuaciones
No has intentado esta prueba.